Nature Encyclopedia

Bibliographic Details
Format: Book
Published: New York : Oxford university press inc. , 2006
Subjects:

MARC

LEADER 00000cam a2200000 7i4500
001 0000006693
005 20130610.0
008 070817
020 |a 0195218345 
090 0 0 |a 508.03   |b NAT 
245 1 0 |a Nature Encyclopedia 
260 |a New York :   |b Oxford university press inc. ,   |c 2006 
650 0 |a Natural history   |x Encyclopedias, Juvenile 
999 |a 0000983199   |b Book   |c REFERENCE   |e Perbadanan Perpustakaan Awam Johor